000 01377nam a2200253 i 4500
003 DO-SdUEMH
005 20260421163608.0
007 ta
008 260421b2023 sp |||gr|||| 000 0dspa d
020 _a9788423435968
040 _aDO-SdUEMH
_bspa
_erda
041 _aspa
_heng
082 1 4 _mCG
_bG738m
100 _eaut
245 0 _aLas memorias del decano de Wall Street /
_cBenjamín Graham ; traducción: Mercedes Vaquero
264 0 1 _aBarcelona, España :
_bDEUSTO,
_c2023
300 _a365 paginas :
_c23 cm.
336 _2rdacontent
_atexto
_btxt
337 _2rdamedia
_asin mediación
_bn
338 _2rdacarrier
_avolumen
_bnc
504 _aBibliografía en página 361
505 1 _aEn Nueva York -- Tragedias familiares: la perseverancia de mi madre -- En la escuela pública -- Los años de secundaria: Brooklyn y el Bronx -- El peón agrícola y el mecánico -- El estudiante universitario -- El comienzo de mi carrera profesional -- Los primeros años en Wall Street -- El principio del auténtico éxito -- El gran mercado alcista de los años veinte: casi me hago millonario -- La lucha por la delegación del voto de Northern Pipeline -- La familia y otros asuntos -- A mitad del camino de la vida comienza el diluvio -- El camino de vuelta, 1933-1940 -- Mi carrera como dramaturgo -- Plan de moneda de reserva de productos básicos.
942 _2ddc
_n0
_cBK
999 _c18418
_d18418